1675 1345 1744 1235 1474 1644 1024 1672 1478 1309 1988 1402 1019 1663 1854 1151 1316 1495 1641 1912 1918 1497 1496 1510 1248 1056 1880 1617 1970 1861 1946 1351 1508 1322 1576 1264 1791 1435 1930 1260 1765 1413 1776 1543 1309 1567 1417 1518 1764 1074 1075 1834 1099 1152 1214 1206 1729 1623 1651 1249 1571 1215 1734 1913 1574 1838 1325 1515 1940 1454 1079 1133 1280 1313 1923 1892 1377 1480 1841 1608 1379 1064 1117 1128 1246 1211 1242 1133 1099 1454 1008 1515 1452 1496 1387 1708 1550 1470 1351 BCNSPRNW ULIB Ver.6.0+V

เปลี่ยนเป็นภาษาไทย

Change to English
 แสดงรายละเอียดบรรณานุกรม
  กลับหน้าหลัก

Brief Record : Get Marc (ISO 2709) : E-mail record : QR code < ปิดหน้าต่าง
LEADER : 00000nam 2200000uu 4500
001    13399112968
003     ULIB
008    110920s2554||||th 000 0 tha d
020    9789744968326
060 04 WY105^bน139ก
100 0  นงนุช บุญยัง
245 10 การวางแผนกลยุทธ์ทางการพยาบาล /^cนงนุช บุญยัง
260    สงขลา :^bคณะพยาบาลศาสตร์ มหาวิทยาลัยสงขลานครินทร์,^c2554
300    ก-ฉ, 177 หน้า :^bภาพประกอบ ;^c26 ซม.
650  4 การพยาบาล^xการบริหาร
650  4 การพยาบาล^xการวางแผน
650  4 การวางแผนเชิงกลยุทธ์
710 2  มหาวิทยาลัยสงขลานครินทร์. ^bคณะพยาบาลศาสตร์
945    ^p250^l0^i18579
945    ^p250^l0^i18580
945    ^p250^l0^i19091
995    กัณชพร
999 ^a ใช้งานได้ทุกระบบ
รายการนี้ยังไม่มีแท็ก
คุณยังไม่ได้ล็อกอิน คุณสามารถมีกิจกรรมร่วมกับเว็บไซต์ได้ แต่ต้องล็อกอินก่อน ::
  ล็อกอิน

รายการสื่อสารสนเทศ

ลำดับที่ ประเภท เลขเรียก/บาร์โค้ด สถานที่ สถานะ
1. วิทยาศาสตร์การแพทย์ และสุขภาพ
วิทยาศาสตร์การแพทย์ และสุขภาพ
สถานะ=หนังสือเก่า
WY105 น139ก  
  Barcode: 18579
ห้องสมุดวิทยาเขตนครสวรรค์
►ส่วนจัดเก็บหนังสือเก่า นว.
บนชั้น
  ขอยืม
2. วิทยาศาสตร์การแพทย์ และสุขภาพ
วิทยาศาสตร์การแพทย์ และสุขภาพ
สถานะ=หนังสือเก่า
WY105 น139ก ฉ.2 
  Barcode: 18580
ห้องสมุดวิทยาเขตนครสวรรค์
►ส่วนจัดเก็บหนังสือเก่า นว.
บนชั้น
  ขอยืม
3. วิทยาศาสตร์การแพทย์ และสุขภาพ
วิทยาศาสตร์การแพทย์ และสุขภาพ
สถานะ=หนังสือเก่า
WY105 น139ก ฉ.3 
  Barcode: 19091
ห้องสมุดวิทยาเขตนครสวรรค์
►ส่วนจัดเก็บหนังสือเก่า นว.
บนชั้น
  ขอยืม

รายการใกล้เคียง
    ผู้แต่ง [นงนุช บุญยัง]

    หัวเรื่อง [การวางแผนเชิงกลยุทธ์]

BibComment


ยังไม่เคยถูกคอมเมนท์

คอมเมนท์ทรัพยากรรายการนี้
  คอมเมนท์: การวางแผนกลยุทธ์ท..


 Copyright 2026. Bcnsprnw @Library